Расчёт угловой зависимости вероятности рассеяния γ-квантов в углероде методом Монте-Карло; Неразрушающий контроль

Bibliografiske detaljer
Parent link:Неразрушающий контроль.— 2011.— С. 22
Hovedforfatter: Наманжуев Э. Д.
Andre forfattere: Капранов Б. И. (научный руководитель)
Sprog:russisk
Udgivet: 2011
Fag:
Format: MixedMaterials Book Chapter
KOHA link:https://koha.lib.tpu.ru/cgi-bin/koha/opac-detail.pl?biblionumber=239030

MARC

LEADER 00000naa2a2200000 4500
001 239030
005 20231031205401.0
035 |a (RuTPU)RU\TPU\book\260242 
035 |a RU\TPU\book\260241 
090 |a 239030 
100 |a 20130603d2011 k y0rusy50 ca 
101 0 |a rus 
102 |a RU 
200 1 |a Расчёт угловой зависимости вероятности рассеяния γ-квантов в углероде методом Монте-Карло  |f Э. Д. Наманжуев  |g науч. рук. Б. И. Капранов 
463 0 |0 (RuTPU)RU\TPU\book\250353  |t Неразрушающий контроль  |o сборник научных трудов Всероссийской школы-конференции молодых ученых, 29-31 июля 2011 г., Томск  |f Национальный исследовательский Томский политехнический университет (ТПУ)  |v С. 22  |d 2011  |p 242 с. 
610 1 |a труды учёных ТПУ 
610 1 |a угловые параметры 
610 1 |a зависимости 
610 1 |a гамма-излучения 
610 1 |a рассеяние 
610 1 |a расчет 
610 1 |a углерод 
610 1 |a метод Монте-Карло 
700 1 |a Наманжуев  |b Э. Д. 
702 1 |a Капранов  |b Б. И.  |4 727 
801 1 |a RU  |b 63413507  |c 20130603 
801 2 |a RU  |b 63413507  |c 20130603  |g RCR 
942 |c BK